| 000 | 00668nam a2200217Ia 4500 | ||
|---|---|---|---|
| 999 |
_c37659 _d37659 |
||
| 003 | GCL | ||
| 005 | 20240530103222.0 | ||
| 008 | 140319s9999 xx 000 0 ara d | ||
| 040 |
_aGCL / _cGCL |
||
| 082 | 0 | 4 |
_a193 _bه ت |
| 100 | 1 | _aهيدجر, مارتن | |
| 245 | 1 | 0 |
_aالتقنية - الحقيقة - الوجود / _cهيدخر, ماتن |
| 300 | _a207 ص | ||
| 650 | 0 | 4 | _aالفلسفة العقلية |
| 650 | 0 | 4 | _aالفلسفة الغربية |
| 650 | 0 | 4 | _aالعقل والجسد |
| 650 | 0 | 4 | _aالوجود, علم |
| 700 | 1 | _aمحمد سبيلا (ترجمة) | |
| 700 | 1 | _aمحمد عبدالهادى مفتاح (مترجم) | |
| 942 |
_2ddc _cBK |
||